书目信息 |
| 题名: |
丁香花
|
|
| 作者: | 崔洪霞 编著 | |
| 分册: | ||
| 出版信息: | 上海 上海科学技术出版社 2000.11 |
|
| 页数: | 127页 | |
| 开本: | 20cm | |
| 丛书名: | 中国名花丛书 | |
| 单 册: | ||
| 中图分类: | S685.26 | |
| 科图分类: | ||
| 主题词: | 观赏园艺 , 花卉 , 园林树木 | |
| 电子资源: | ||
| ISBN: | 7-5323-5641-8 | |
| 000 | 00643nam0 2200241 450 | |
| 001 | 0552815527 | |
| 005 | 20050124144011.96 | |
| 010 | @a7-5323-5641-8@dCNY11.50 | |
| 100 | @a20050124d2000 km y0chiy0120 ea | |
| 101 | 0 | @achi |
| 102 | @aCN@b310000 | |
| 200 | 1 | @a丁香花@Ading xiang hua@f崔洪霞编著@Fcui hong xia bian zhu |
| 210 | @a上海@c上海科学技术出版社@d2000.11 | |
| 215 | @a127页@d20cm | |
| 225 | 2 | @a中国名花丛书 |
| 410 | 0 | @12001 @a中国名花丛书 |
| 606 | 0 | @a观赏园艺 |
| 606 | 0 | @a花卉 |
| 606 | 0 | @a园林树木 |
| 690 | @aS685.26@v4 | |
| 701 | 0 | @a崔洪霞@Acui hong xia@4编著 |
| 801 | 0 | @aCN@bPFT@c20050124 |
| 905 | @aBZT@dS685.26@e2 | |
| 丁香花/崔洪霞编著.-上海:上海科学技术出版社,2000.11 |
| 127页;20cm.-(中国名花丛书) |
| ISBN 7-5323-5641-8:CNY11.50 |
| ● |
| 相关链接 |
|
|
|
正题名:丁香花
索取号:S685.26/2
 
预约/预借
| 序号 | 登录号 | 条形码 | 馆藏地/架位号 | 状态 | 备注 |
| 1 | 390600 | 210038706 | 中心书库中库/ 中库032架A面6列3层3/ [索取号:S685.26/2] | 在馆 | |
| 2 | 390601 | 210038680 | 中心书库中库/ 中库032架A面6列4层21/ [索取号:S685.26/2] | 在馆 | |
| 3 | 390602 | 210038671 | 中心书库中库/ 中库032架A面6列3层4/ [索取号:S685.26/2] | 在馆 | |
| 4 | 390603 | 210038662 | 中心书库中库/ 中库032架A面6列3层5/ [索取号:S685.26/2] | 在馆 | |
| 5 | 390604 | 210038699 | 中心书库中库/ 中库032架A面6列3层2/ [索取号:S685.26/2] | 在馆 | |
| 6 | 390605 | 210038742 | 中心书库中库/ 中库032架A面6列3层1/ [索取号:S685.26/2] | 在馆 | |
| 7 | 390606 | 210038715 | 中心书库中库/ 中库032架A面6列4层22/ [索取号:S685.26/2] | 在馆 | |
| 8 | 390607 | 210038733 | 中心书库中库/ 中库032架A面6列4层25/ [索取号:S685.26/2] | 在馆 | |
| 9 | 390608 | 210038751 | 中心书库中库/ 中库032架A面6列4层23/ [索取号:S685.26/2] | 在馆 | |
| 10 | 390609 | 210038760 | 中心书库中库/ 中库032架A面6列4层24/ [索取号:S685.26/2] | 在馆 |